[Event "Open de Louviers"]
[Site "Louviers"]
[Date "2006.06.05"]
[Round "7"]
[White "Gobbetto, Jean-Claude"]
[Black "Drouineau, Olivier"]
[Result "0-1"]
[WhiteElo "1838"]
[BlackElo "1640"]
[PlyCount "106"]

1. c4 e5 2. Nc3 Nf6 3. d3 d6 4. h3 Be7 5. Be3 O-O 6. g3 Bd7 7. Bg2 Bc6 8. Nd5
Nxd5 9. cxd5 Bd7 10. Qc2 c6 11. Nf3 Qa5+ 12. Bd2 Qxd5 13. O-O Qe6 14. Kh2 d5
15. a3 Na6 16. Rfe1 Rfe8 17. b4 Bf6 18. Bc3 d4 19. Bb2 Nc7 20. e3 Qd6 21. e4
Rac8 22. Nd2 Be6 23. Nc4 Bxc4 24. Qxc4 b5 25. Qc2 Ne6 26. Bc1 c5 27. Qb2 c4 28.
Rd1 c3 29. Qc2 g6 30. Rf1 Bg5 31. Bxg5 Nxg5 32. f4 exf4 33. Rxf4 Qe5 34. Raf1
Rf8 35. h4 Ne6 36. Rf6 Ng7 37. Bh3 Rc7 38. Kg2 Nh5 39. R6f3 f5 40. g4 Ng7 41.
R1f2 Kh8 42. a4 a6 43. gxf5 gxf5 44. exf5 Qf6 45. axb5 axb5 46. Rf4 Nh5 47. Rg4
Rg7 48. Rxg7 Qxg7+ 49. Kf1 Ng3+ 50. Ke1 Qe7+ 51. Kd1 Re8 52. Kc1 Qe1+ 53. Qd1
Qxf2 0-1

[Event "Open de Louviers"]
[Site "Louviers"]
[Date "2006.06.05"]
[Round "7"]
[White "Frigere, Guy"]
[Black "Kulhaneck, Martial"]
[Result "0-1"]
[WhiteElo "1440"]
[BlackElo "1760"]
[PlyCount "62"]

1. e4 c5 2. Nf3 Nc6 3. c3 d6 4. d4 cxd4 5. cxd4 Nf6 6. Nbd2 Bg4 7. Be2 g6 8.
O-O Bg7 9. a3 O-O 10. Rb1 Bxf3 11. Bxf3 Nxd4 12. Nb3 Nxf3+ 13. Qxf3 Nd7 14. Be3
b6 15. Nd4 Ne5 16. Qe2 Rc8 17. b4 Qd7 18. f3 h5 19. Rfc1 Bf6 20. Bh6 Rfd8 21.
Rxc8 Rxc8 22. Qf2 Qa4 23. Nf5 gxf5 24. Qg3+ Kh7 25. Qf4 Qd7 26. Bg5 Ng6 27. Qd2
fxe4 28. f4 Qf5 29. g3 e3 30. Qe1 Rc2 31. Bxf6 Qh3 0-1

[Event "Open de Louviers"]
[Site "Louviers"]
[Date "2006.06.05"]
[Round "7"]
[White "Cleaud, Cyril"]
[Black "Grenet, Dominique"]
[Result "0-1"]
[WhiteElo "1560"]
[BlackElo "1690"]
[PlyCount "70"]

1. e4 e5 2. Nf3 Nf6 3. d4 exd4 4. Qxd4 d6 5. Bg5 Be7 6. Nc3 Nc6 7. Qd2 O-O 8.
Bc4 Bg4 9. Nd4 Nxe4 10. Nxe4 d5 11. Nxc6 bxc6 12. Bxe7 Qxe7 13. Bxd5 cxd5 14.
Qxd5 Qb4+ 15. c3 Qxb2 16. O-O Rab8 17. Qg5 Be6 18. f4 Qb6+ 19. Kh1 Bc4 20. Rfe1
Bd3 21. Nc5 Qc6 22. Nxd3 Qxc3 23. Nf2 Rb2 24. Ne4 Qb4 25. f5 Rxa2 26. Rab1 Rb2
27. Rbd1 Qa5 28. Qe7 Rbb8 29. Nc5 h6 30. Nd7 Rfe8 31. Qc5 Rxe1+ 32. Rxe1 Qxe1+
33. Qg1 Re8 34. f6 g6 35. h3 Qg3 0-1

[Event "Open de Louviers"]
[Site "Louviers"]
[Date "2006.06.05"]
[Round "7"]
[White "Billard, Sebastien"]
[Black "Voegele, Francois-Marie"]
[Result "1-0"]
[WhiteElo "1570"]
[BlackElo "1060"]
[PlyCount "87"]

1. e4 e5 2. Nf3 Nc6 3. Bc4 Be7 4. O-O Nf6 5. Nc3 O-O 6. Re1 d6 7. h3 Qd7 8. a3
Qe8 9. d4 Be6 10. d5 Qd7 11. dxe6 fxe6 12. b4 d5 13. exd5 exd5 14. Nxd5 Nxd5
15. Qxd5+ Qxd5 16. Bxd5+ Kh8 17. Bxc6 bxc6 18. Nxe5 Rf6 19. c4 Rd8 20. c5 Kg8
21. Bg5 Re6 22. Bxe7 Rxe7 23. Nxc6 Rxe1+ 24. Rxe1 Ra8 25. Nd4 Rd8 26. Nb5 c6
27. Nxa7 Rd3 28. Re3 Rd1+ 29. Kh2 Rf1 30. Rf3 g5 31. g3 h6 32. Kg2 Re1 33. Nxc6
Re6 34. b5 Re8 35. Rb3 Kf7 36. b6 Rc8 37. b7 Rxc6 38. b8=Q Rxc5 39. Qa7+ Rc7
40. Qxc7+ Ke6 41. Rb5 Kf6 42. Qd6+ Kg7 43. Rb7+ Kg8 44. Qd8# 1-0

[Event "Open de Louviers"]
[Site "Louviers"]
[Date "2006.06.05"]
[Round "7"]
[White "Blondel, Jean-Michel"]
[Black "Arinal, Serge"]
[Result "0-1"]
[WhiteElo "1640"]
[BlackElo "1590"]
[PlyCount "56"]

1. e4 e6 2. Nf3 d5 3. exd5 exd5 4. d4 Nf6 5. Nc3 Be7 6. Be2 O-O 7. O-O Bf5 8.
Bf4 Nbd7 9. Re1 Re8 10. Nb5 Bb4 11. c3 Ba5 12. b4 Bb6 13. a4 a6 14. Na3 c6 15.
Ne5 Bc7 16. Nd3 Ne4 17. Rc1 Bxf4 18. Nxf4 Qg5 19. Nd3 Bh3 20. g3 Re6 21. Nf4
Rh6 22. Nxh3 Rxh3 23. Bg4 Nxf2 24. Kxf2 Rxh2+ 25. Kg1 Ra2 26. Qb3 Rd2 27. Re2
Rxe2 28. Bxe2 Qxc1+ 0-1